[Event "POL-chT2"]
[Site "Augustow"]
[Date "1997.??.??"]
[Round "?"]
[White "Gierasimowicz, Stanislaw"]
[Black "Okulewicz, Zbigniew"]
[Result "1-0"]
[WhiteElo "2000"]
[BlackElo "1800"]
[PlyCount "79"]
[EventDate "1997.??.??"]
[EventType "team"]
[EventRounds "9"]
[EventCountry "POL"]
[SourceTitle "EXT 2003"]
[Source "ChessBase"]
[SourceDate "2002.11.25"]
[SourceVersion "1"]
[SourceVersionDate "2002.11.25"]
[SourceQuality "1"]

1. e4 c5 2. g3 d6 3. Bg2 Nf6 4. Nc3 g6 5. Nge2 Bg7 6. 0-0 Nbd7 7. d3 0-0 8. a4 a6 9. h3 Rb8 10. Kh2 b5 11. axb5 axb5 12. f4 b4 13. Na4 e5 14. c3 Ne8 15. Be3 exf4 16. Nxf4 bxc3 17. bxc3 Nb6 18. Nxb6 Qxb6 19. Nd5 Qd8 20. d4 f5 21. dxc5 fxe4 22. Rxf8+ Bxf8 23. c6 Bf5 24. Ra7 Rb2 25. Qa1 Re2 26. Qf1 Rxe3 27. c7 Nxc7 28. Nxe3 Qg5 29. Nxf5 gxf5 30. Qc4+ Kh8 31. Qxc7 Qg6 32. Qd8 Qh6 33. Ra8 Kg8 34. Qe8 f4 35. Qxf8+ Qxf8 36. Rxf8+ Kxf8 37. Bxe4 fxg3+ 38. Kxg3 h6 39. Kf4 Kf7 40. Kf5 1-0

[Event "POL-chT2"]
[Site "Augustow"]
[Date "1997.??.??"]
[Round "?"]
[White "Jamrozik, J."]
[Black "Okulewicz, Zbigniew"]
[Result "1-0"]
[WhiteElo "1800"]
[BlackElo "1800"]
[PlyCount "95"]
[EventDate "1997.??.??"]
[EventType "team"]
[EventRounds "9"]
[EventCountry "POL"]
[SourceTitle "EXT 2003"]
[Source "ChessBase"]
[SourceDate "2002.11.25"]
[SourceVersion "1"]
[SourceVersionDate "2002.11.25"]
[SourceQuality "1"]

1. b3 e5 2. Bb2 d6 3. g3 Nc6 4. Bg2 Nf6 5. c4 Bf5 6. Nc3 Qc8 7. h3 Nb4 8. d3 c5 9. a3 Nc6 10. e3 Be7 11. Nge2 0-0 12. Qd2 a6 13. f4 Rb8 14. e4 Bd7 15. f5 b5 16. Nd5 Nxd5 17. cxd5 Na7 18. Rc1 Qd8 19. h4 b4 20. a4 Bf6 21. Rc2 Qe7 22. Ng1 Rfc8 23. Nf3 h6 24. g4 g5 25. fxg6 Bxg4 26. Qxh6 Bg7 27. Qh7+ Kf8 28. gxf7 Kxf7 29. Ng5+ Ke8 30. Rf2 Bf6 31. Qg6+ Kd7 32. Qxf6 Rf8 33. Qxe7+ Kxe7 34. Rhf1 Rxf2 35. Rxf2 Rf8 36. Rxf8 Kxf8 37. Bh3 Bh5 38. Ne6+ Ke7 39. Bc1 Kf7 40. Bg5 Nc8 41. Nc7 Nb6 42. Nxa6 Nxa4 43. bxa4 b3 44. Bc1 Kg7 45. Nc7 Bf3 46. a5 c4 47. dxc4 Bxe4 48. Kd2 1-0

[Event "POL-chT2"]
[Site "Augustow"]
[Date "1997.??.??"]
[Round "?"]
[White "Okulewicz, Zbigniew"]
[Black "Madejska, J."]
[Result "0-1"]
[WhiteElo "1800"]
[BlackElo "1870"]
[PlyCount "82"]
[EventDate "1997.??.??"]
[EventType "team"]
[EventRounds "9"]
[EventCountry "POL"]
[SourceTitle "EXT 2003"]
[Source "ChessBase"]
[SourceDate "2002.11.25"]
[SourceVersion "1"]
[SourceVersionDate "2002.11.25"]
[SourceQuality "1"]

1. e4 c5 2. Nc3 Nc6 3. Bc4 Nf6 4. d3 e6 5. a4 Be7 6. f4 d6 7. Nf3 Nd7 8. 0-0 0-0 9. Be3 a6 10. Qe1 b6 11. Rd1 Qc7 12. Qg3 Bb7 13. h4 Bf6 14. Ng5 Nd4 15. Bxd4 Bxd4+ 16. Kh1 h6 17. Nf3 Bf6 18. Nh2 Kh8 19. f5 Be5 20. Qh3 exf5 21. Rxf5 Nf6 22. Rxe5 dxe5 23. Qf3 Qd7 24. Rf1 Rad8 25. Qe3 Qe7 26. Qf2 Rd7 27. g4 Ne8 28. Qg3 Nc7 29. Nf3 f6 30. Rf2 Ne6 31. g5 Nf4 32. gxh6 gxh6 33. Nd5 Bxd5 34. exd5 Qd6 35. Ng1 Rg7 36. Qf3 Rfg8 37. Qe3 Rxg1+ 38. Kh2 R1g4 39. Kh1 Rg3 40. Qe4 Rh3+ 41. Rh2 Qd7 0-1